Biblioteca

Relaciones humanas aplicadas / Juan Francisco Gallo (Registro nro. 35628)

Detalles MARC
000 -LÍDER
Campo fijo de descripción fija 009040000a22002050004500
020 ## - NÚMERO INTERNACIONAL NORMALIZADO PARA LIBROS
Número Internacional Normalizado del libro 958-607-173-1
082 04 - NÚMERO DE CLASIFICACIÓN DECIMAL DEWEY
Número de clasificación G 158.2 G172r
001 - NÚMERO DE CONTROL
Campo de control 5197
100 1# - ASIENTO PRINCIPAL--NOMBRE PERSONAL
Nombre personal Gallo, Juan Francisco
245 10 - TÍTULO
Título del Material Relaciones humanas aplicadas / Juan Francisco Gallo
260 ## - PUBLICACIÓN, DISTRIBUCIÓN, ETC. (PIE DE IMPRENTA)
Lugar de publicación, distribución, etc. Bogotá : San Pablo
300 ## - DESCRIPCIÓN FÍSICA
Extensión 318 p.
336 ## - CONTENT TYPE
Content type term texto
Content type code txt
Source rdacontent
337 ## - MEDIA TYPE
Source rdamedia
Media type term sin mediación
Media type code n
338 ## - CARRIER TYPE
Source rdacarrier
Carrier type term volumen
Carrier type code nc
501 ## - NOTA DE “CON”
Nota de Contenido rústico
505 00 - NOTA DE CONTENIDO
Nota de contenido con formato preestablecido Sicología y humanismo -- Estudio de la personalidad -- Las bases de la personalidad -- Condiciones negativas de la personalidad y la conducta -- La condiciones positivas de la conducta -- Sicología de las relaciones humanas -- El arte de agradar a la gente -- Las cinco áreas de aplicación de las relaciones humanas
650 14 - ASIENTO SECUNDARIO DE MATERIA - TERMINO TEMÁTICO
Término temático o nombre geográfico como elemento de entrada RELACIONES HUMANAS \ PSICOLOGIA SOCIAL \ SOCIOLOGIA - HUMANISMO \ CONDUCTA (PSICOLOGIA)
942 ## - TIPO DE MATERIAL (KOHA)
Tipo de Item KOHA Libros General
Existencias
Estado de Material Estado de Perdido Estado de Dañado No para Préstamo Colección Tomo Biblioteca de Origen Biblioteca Permanente Fecha de Adquisición Total de Préstamos Signatura Topográfica Código de Barras Última vez visto Ejemplar/Existencia Fecha de Remplazo Tipo de Material
        Colección General   Biblioteca FUSBC Biblioteca FUSBC 29/10/2013   G 158.2 G172r 17957 12/12/2019 1 26/01/2016 Libros General

Biblioteca FUSBC | Teléfono: (57+4) 349 88 10 Ext. 141| WhatsApp (+57) 3005338115 
E-mail: biblioteca@unisbc.edu.co | Calle 76 87-14 Robledo Palenque, Medellín, Colombia

Con tecnología Koha